000 00475nam a2200169 4500
003 SEACOMMC
005 20250509131812.0
008 250326b |||||||| |||| 00| 0 eng d
020 _a978-81-272-5989-3
_cRs.250.00
040 _aSEACOMMC
082 _a003
_bW 122
100 _a Wadhwa, Puneet
245 1 _aInformation System Analysis and Design /
_cPuneet Wadhwa
260 _a Kolkata
_b Kalyani Publishers
_c 250.00
650 _a Information Technology
942 _cBOOK
999 _c1154
_d1154